00373nam a2200121Ia 4500008004100000082002000041100001400061245007200075260002900147300001000176630001800186650004700204211109s9999||||xx |||||||||||||| ||und|| a943.6044bBAI-E aBain, F W 0aEnglish Monarchy and Its Substitution a Study in Analytical Politic bUn KnownaMisplacec1994 a226p. xGeneral Stack aGreat BritainvHistory of EnglandxHistory